| 000 | 00632nam a2200181Ia 4500 | ||
|---|---|---|---|
| 008 | 090124s9999 xx 000 0 und d | ||
| 082 | _b123575 | ||
| 100 | _aनिमकर प्र. अ. (प्रतिभा अशोक) | ||
| 245 | _a तीन बालनाटिका | ||
| 250 | _a2 | ||
| 260 | _c1989 | ||
| 300 | _a48 | ||
| 600 | _aनिमकर प्र. अ. (प्रतिभा अशोक) | ||
| 630 | _a तीन बालनाटिका | ||
| 700 | _aनिमकर प्र. अ. (प्रतिभा अशोक) | ||
| 730 | _a तीन बालनाटिका | ||
| 942 | _cBOOK | ||
| 999 |
_c169662 _d169662 |
||